=LDR 00000nam 2200000 4500 =001 INLIS000000000047558 =005 20160107114102.0 =006 =007 =008 =035 ##$$0010-011600000000016 =082 ##$$a 372.3507 =090 ##$$a 372.3507 dwi i =100 ##$$a dwi suhartanti =245 ##$$a ilmu pangetahuan alam =260 ##$$a pusat perbukuan =300 ##$$a hln.154 =850 ##$$a NPBMAT =990 ##$$a 0113/BPAP-NTB/2016